<?xml version="1.0" encoding="UTF-8"?>
<record
    xmlns:xsi="http://www.w3.org/2001/XMLSchema-instance"
    xsi:schemaLocation="http://www.loc.gov/MARC21/slim http://www.loc.gov/standards/marcxml/schema/MARC21slim.xsd"
    xmlns="http://www.loc.gov/MARC21/slim">

  <leader>01198nam a2200301 a 4500</leader>
  <controlfield tag="001">000005445</controlfield>
  <controlfield tag="003">DO-SdBNP</controlfield>
  <controlfield tag="005">20240418133918.0</controlfield>
  <controlfield tag="008">090819s1993    es a          001 0 spa d</controlfield>
  <datafield tag="020" ind1=" " ind2=" ">
    <subfield code="a">8400073827</subfield>
  </datafield>
  <datafield tag="040" ind1=" " ind2=" ">
    <subfield code="a">DO-SdBNP</subfield>
    <subfield code="b">spa</subfield>
    <subfield code="c">BNPHU</subfield>
  </datafield>
  <datafield tag="082" ind1=" " ind2=" ">
    <subfield code="a">631.4</subfield>
    <subfield code="b">S989r</subfield>
    <subfield code="2">22</subfield>
  </datafield>
  <datafield tag="111" ind1="1" ind2=" ">
    <subfield code="a">Symposium sobre la ra&#xF1;a en Espa&#xF1;a y Portugal.</subfield>
    <subfield code="d">(25-30 de octubre de 1992 :</subfield>
    <subfield code="c">Madrid)</subfield>
    <subfield code="9">15469</subfield>
  </datafield>
  <datafield tag="245" ind1="1" ind2="3">
    <subfield code="a">La ra&#xF1;a en Espa&#xF1;a y Portugal /</subfield>
    <subfield code="c">coordinaci&#xF3;n Ascensi&#xF3;n Pinilla.</subfield>
  </datafield>
  <datafield tag="260" ind1=" " ind2=" ">
    <subfield code="a">Madrid :</subfield>
    <subfield code="b">Centro de Ciencia Medioambientes CSIC,</subfield>
    <subfield code="c">1993.</subfield>
  </datafield>
  <datafield tag="300" ind1=" " ind2=" ">
    <subfield code="a">395 p. :</subfield>
    <subfield code="b">il. ;</subfield>
    <subfield code="c">30 cm.</subfield>
  </datafield>
  <datafield tag="490" ind1="1" ind2=" ">
    <subfield code="a">Monograf&#xED;a del centro de ciencias medioambienteles CSIC ;</subfield>
    <subfield code="v">2</subfield>
  </datafield>
  <datafield tag="500" ind1=" " ind2=" ">
    <subfield code="a">Incluye tabla de contenido.</subfield>
  </datafield>
  <datafield tag="650" ind1=" " ind2="4">
    <subfield code="a">Edalofog&#xED;a</subfield>
    <subfield code="9">15470</subfield>
  </datafield>
  <datafield tag="650" ind1=" " ind2="4">
    <subfield code="a">Geomorfolog&#xED;a</subfield>
    <subfield code="z">Espa&#xF1;a</subfield>
    <subfield code="9">15471</subfield>
  </datafield>
  <datafield tag="650" ind1=" " ind2="4">
    <subfield code="a">Estratigraf&#xED;a</subfield>
    <subfield code="x">Plioceno</subfield>
    <subfield code="v">Congresos, conferencias, etc. </subfield>
    <subfield code="9">15474</subfield>
  </datafield>
  <datafield tag="650" ind1=" " ind2="4">
    <subfield code="a">Sedimentaci&#xF3;n</subfield>
    <subfield code="9">15475</subfield>
  </datafield>
  <datafield tag="651" ind1=" " ind2="4">
    <subfield code="a">Espa&#xF1;a</subfield>
    <subfield code="x">Suelos</subfield>
    <subfield code="v">Congresos, conferencias . etc.</subfield>
    <subfield code="9">15472</subfield>
  </datafield>
  <datafield tag="651" ind1=" " ind2="4">
    <subfield code="a">Portugal</subfield>
    <subfield code="v">Congresos, conferencias, etc.</subfield>
    <subfield code="x">Suelos</subfield>
    <subfield code="9">15473</subfield>
  </datafield>
  <datafield tag="700" ind1="1" ind2=" ">
    <subfield code="a">Pinilla, Ascensi&#xF3;n</subfield>
    <subfield code="9">15476</subfield>
  </datafield>
  <datafield tag="830" ind1=" " ind2="0">
    <subfield code="a">Monograf&#xED;a del centro de ciencias medioambienteles CSIC ;</subfield>
    <subfield code="v">2</subfield>
    <subfield code="9">15477</subfield>
  </datafield>
  <datafield tag="942" ind1=" " ind2=" ">
    <subfield code="2">ddc</subfield>
    <subfield code="c">LBS1</subfield>
  </datafield>
  <datafield tag="952" ind1=" " ind2=" ">
    <subfield code="0">0</subfield>
    <subfield code="1">0</subfield>
    <subfield code="5">0</subfield>
    <subfield code="7">1</subfield>
    <subfield code="8">MO</subfield>
    <subfield code="a">PD</subfield>
    <subfield code="b">PD</subfield>
    <subfield code="c">CT</subfield>
    <subfield code="d">2009-08-20</subfield>
    <subfield code="i">LF1</subfield>
    <subfield code="l">0</subfield>
    <subfield code="o">631.4 S989r</subfield>
    <subfield code="p">5445-10</subfield>
    <subfield code="r">2020-06-25</subfield>
    <subfield code="w">2020-06-25</subfield>
    <subfield code="y">1</subfield>
    <subfield code="Z">No se presta</subfield>
  </datafield>
  <datafield tag="999" ind1=" " ind2=" ">
    <subfield code="c">5245</subfield>
    <subfield code="d">5245</subfield>
  </datafield>
</record>
